Lyrics raten #29 - Statistiken

Allgemein
  • Dieses Quiz wurde 130 mal gespielt
  • Das Durchschnittsergebnis liegt bei 157 aus 482
Antwortstatistiken
Antwort % Korrekt
du
95%
Du
95%
Ich
94%
ich
94%
Es
88%
es
88%
Das
87%
das
87%
der
87%
Der
87%
die
87%
Wir
85%
ist
76%
wie
73%
ihr
69%
Ihr
69%
und
68%
Und
68%
bin
66%
ein
66%
so
63%
den
61%
in
61%
Wer
61%
ne
60%
was
59%
was?
59%
an
58%
mein
58%
für
57%
eine
56%
dich
54%
dir
53%
im
53%
dass
52%
nicht
52%
sind
51%
mich
50%
sein
50%
kann
49%
meine
49%
will
48%
deine
47%
auf
46%
mit
45%
hab
41%
uns
41%
all
39%
Denn
39%
kein
39%
nur
39%
Wenn
39%
als
38%
von
38%
Doch
36%
doch
36%
sag,
36%
sag
36%
schon
36%
willst
36%
meinen
34%
Dann
33%
dann
33%
deinen
33%
wieder
33%
nach
30%
mal,
29%
mal
29%
weiss,
29%
hau
28%
heute
28%
komm
28%
Komm
28%
Mann
28%
Weil
28%
weil
28%
Ficke,
27%
Frau
27%
hier
27%
auch
25%
bei
24%
meinem
24%
Welt
24%
Gebe
22%
gebe
22%
hin,
22%
lass
22%
keiner,
21%
Geld
20%
aus
19%
waren
19%
Drogen
18%
Baby,
17%
ficken,
17%
Komme
17%
nen
17%
paar
17%
Ey
16%
Ey,
16%
sich
16%
zwei
16%
Also
15%
durch
14%
Huren
14%
machst
14%
wollt
14%
nehme
13%
sehr
13%
fahre
12%
brauch
11%
lauf
11%
rein,
11%
schlag
11%
Ganze
10%
yo,
10%
musst
9%
zeig
9%
Eure
8%
eure
8%
halt
8%
kenn
8%
Party
8%
Schlage
8%
schlage
8%
zieh
8%
gegen
7%
Grösse
7%
grosse
7%
Rapper
7%
zeige
7%
Bang
6%
Bang,
6%
Bastard,
6%
besser
6%
Club
6%
Hose
6%
Leg
6%
schlagen,
6%
Schlampen
6%
Schuhe
6%
soweit,
6%
steh
6%
stehe
6%
Tagen
6%
würd
6%
eat
5%
Farid
5%
Penis
5%
tanzen
5%
verkauf
5%
dabei
4%
Flucht
4%
Hood,
4%
Mercedes,
4%
tanzt
4%
Villa
4%
you
4%
Anzug
3%
besoffen
3%
bieten,
3%
Cem
3%
Cem,
3%
Drogenrausch
3%
halbes
3%
Hände
3%
heim
3%
Hemd?
3%
kämpfen
3%
Raab
3%
schreit
3%
Summer
3%
trage
3%
anerkenn,
2%
Anna
2%
Asylanten
2%
bangen
2%
can
2%
erstmal
2%
Fatih
2%
film
2%
fressen
2%
gefälscht
2%
Gönne
2%
guck
2%
Handy
2%
kaputt
2%
Kollegen
2%
Mahmut
2%
Merkt
2%
niste
2%
Pimmel
2%
still,
2%
stinkt
2%
Vati
2%
während
2%
Ahmadinejad
1%
Ayan
1%
Bad
1%
Bahar
1%
Benehmen
1%
beziehst
1%
Crime
1%
dagegen
1%
dicke
1%
Discotheken,
1%
Disstracks
1%
Dope
1%
edles
1%
Erdbeermarmelade
1%
Felgen
1%
Francky
1%
Francky,
1%
Frauenrechte
1%
geehrte
1%
Genitalbereich
1%
Gesprächsthema
1%
Gladbach
1%
Guns
1%
hängst
1%
Hetero,
1%
Hosenstall
1%
Immigranten
1%
Inbegriff
1%
Kaas,
1%
Kaas
1%
Kakerlaken
1%
Kante,
1%
Kastrat
1%
Kriegt
1%
Kubrick
1%
Kugeln,
1%
lerne
1%
Mädchenklo
1%
Mantel
1%
mit'm
1%
Moses
1%
muckt
1%
Nachbarschaft
1%
Nassrasur
1%
nennst
1%
Novoline
1%
obendrein
1%
Pelham
1%
Saunaclub
1%
Schwänze
1%
Sekte
1%
Silberner
1%
solttet
1%
spielst
1%
süss
1%
Taliban
1%
Telefon
1%
Tischen
1%
tourt
1%
trat
1%
über's
1%
Uppercut
1%
Verhandlung
1%
verliebst
1%
versuchen
1%
Verzock
1%
Vorgruppe
1%
Vorschuss
1%
Keine übereinstimmenden Quizze gefunden
Verteilung der Resultate
Anzahl Personen mit jedem Resultat
Perzentil nach korrekt beantworteten Fragen
Ihre Resultats-Entwicklung
Sie haben dieses Quiz noch nicht gespielt